লোডিং...

Wages, productivity and industrialization in Puerto Rico

গ্রন্থ-পঞ্জীর বিবরন
প্রধান লেখক: Reynolds, Lloyd G.
অন্যান্য লেখক: Gregory, Peter
বিন্যাস: Printed Book
ভাষা:English
প্রকাশিত: mInois Richard D Irvin 1965
বিষয়গুলি:
LEADER 00617nam a2200181 a 4500
005 20151215124720.0
008 960221s1955 dcuabcdjdbkoqu001 0deng d
003 ViArRB
082 |a 658.309 729 5  |b REY 
100 |a Reynolds, Lloyd G.  |9 7241 
245 |a Wages, productivity and industrialization in Puerto Rico 
300 |a XVI, 357p. 
653 |a Wages,   |a Productivity  
700 |a Gregory, Peter  |9 7240 
942 |c BK  |6 _ 
260 |c 1965  |a mInois  |b Richard D Irvin 
999 |c 90389  |d 90389 
952 |0 0  |1 0  |2 ddc  |4 0  |6 658309_7295REY  |7 0  |9 113451  |a SMS  |b SMS  |c GEN  |d 0000-00-00  |o 658.309 729 5 REY  |p SMS003212  |r 2009-08-21  |w 2009-08-21  |y BK